• 首页
  • 本馆介绍
  • 公告通知
  • 最新文献
  • 馆藏检索
  • 电子资源
  • 读者导购
  • 参考咨询
  • 我的图书馆
  • 登录
  • 详细信息显示
  • 放入我的书架
  • 预约/预借图书
  • 作者相关作品
  • 分类相关作品
  • 丛书相关作品
  • 出版社相关作品

书目信息

  • 表格格式
  • 工作单格式
  • 卡片格式
题名:
经济管理数学
    
 
作者: 鲍祥霖 编
分册:  
出版信息: 上海   上海交通大学出版社  1999.01
页数: 273页
开本: 20cm
丛书名:
单 册:
中图分类: F224.0
科图分类:
主题词: 经济--计算 , 经济数学--方法
电子资源:
ISBN: 7-313-02079-1
000 00572nam0 2200205 45
001 0203251509
005 20031219104053.9
010    @a7-313-02079-1@dCNY13.00
100    @a20020325d1999 km y0chiy0120 ea
101 0  @achi
105    @a z 000yy
200 1  @a经济管理数学@AJing Ji Guan Li Shu Xue@f鲍祥霖编@FBao Xiang Lin Bian
210    @a上海@c上海交通大学出版社@d1999.01
215    @a273页@d20cm
606 0  @a经济@x计算
606 0  @a经济数学@x方法
690    @aF224.0@v4
701  0 @a鲍祥霖@4编
801    @aCN@bTSTC@c20020325
905    @b307183-187@dF224.0@e120@f5
    
    经济管理数学/鲍祥霖编.-上海:上海交通大学出版社,1999.01
    273页;20cm
    
    
    ISBN 7-313-02079-1:CNY13.00
    
●
相关链接 在E读中查询图书 在五车中查询图书 在当当中查询图书 在豆瓣中查询图书


正题名:经济管理数学     索取号:F224.0/120         预约/预借

序号 登录号 条形码 馆藏地/架位号 状态 备注
1 0307183   203071834   第一借阅区/ [索取号:F224.0/120] 在馆    
2 0307184   203071843   第一借阅区/ [索取号:F224.0/120] 在馆    
3 0307185   203071852   第一借阅区/ [索取号:F224.0/120] 在馆    
4 0307186   203071861   第一借阅区/ [索取号:F224.0/120] 在馆    
5 0307187   203071870   第一样本阅览室/ [索取号:F224.0/120] 在馆    
唐山师范学院图书馆 欢迎您!
大连网信软件有限公司© 版权所有